[Event "10th IPCA World Champ"]
[Site "Bialystok"]
[Date "2010.06.26"]
[Round "1.1"]
[White "Melnik, Galina"]
[Black "Obodchuk, Andrei"]
[Result "0-1"]
[WhiteElo "2001"]
[BlackElo "2388"]
[PlyCount "30"]
[EventDate "2010.??.??"]

1. d4 Nf6 2. c4 g6 3. Nc3 d5 4. Nxd5 Nxd5 5. cxd5 Qxd5 6. Bf4 Nc6 7. e3 e5 8.
dxe5 Qa5+ 9. Ke2 Be6 10. f3 Rd8 11. Qc1 Bb4 12. Kf2 O-O 13. Ne2 Bd2 14. Qc2 Nb4
15. Qe4 Bd5 0-1

[Event "10th IPCA World Champ"]
[Site "Bialystok"]
[Date "2010.06.26"]
[Round "1.2"]
[White "Yarmonov, Igor"]
[Black "Relidzynski, Tadeusz"]
[Result "1-0"]
[WhiteElo "2340"]
[BlackElo "1941"]
[PlyCount "85"]
[EventDate "2010.??.??"]

1. d4 Nf6 2. c4 e6 3. Nc3 c5 4. d5 exd5 5. cxd5 d6 6. e4 g6 7. Nf3 Bg7 8. Be2
O-O 9. O-O Bg4 10. Nd2 Bxe2 11. Qxe2 a6 12. a4 Nbd7 13. Nc4 Nb6 14. Ne3 Re8 15.
a5 Nbd7 16. Nc4 Ne5 17. Nxe5 Rxe5 18. f3 b5 19. axb6 Qxb6 20. Ra4 Ree8 21. Be3
Reb8 22. Ra2 Nd7 23. h3 a5 24. Rfa1 Rb7 25. Kh1 h5 26. Nd1 Bf6 27. Bd2 Rba7 28.
Ra4 Bd4 29. R1a2 Bf6 30. Ne3 Qd8 31. Nc4 Be5 32. Rxa5 Rxa5 33. Rxa5 Rxa5 34.
Bxa5 Qh4 35. Nxe5 Nxe5 36. Bc3 Qg5 37. Bd2 Qd8 38. f4 Nd7 39. e5 Qe7 40. Bc3 f6
41. e6 Nb6 42. Qd3 f5 43. Qa6 1-0

[Event "10th IPCA World Champ"]
[Site "Bialystok"]
[Date "2010.06.26"]
[Round "1.3"]
[White "Szneider, Kazimierz"]
[Black "Mikheev, Stanislav"]
[Result "1/2-1/2"]
[WhiteElo "1898"]
[BlackElo "2310"]
[PlyCount "188"]
[EventDate "2010.??.??"]

1. d4 Nf6 2. c4 g6 3. Nc3 d5 4. Nf3 Bg7 5. e3 O-O 6. Be2 c5 7. O-O cxd4 8. exd4
Nc6 9. h3 Bf5 10. Bf4 Rc8 11. c5 Ne4 12. Be3 e5 13. Nxe5 Nxc3 14. bxc3 Nxe5 15.
dxe5 Bxe5 16. Bd4 Bb8 17. Qd2 Qh4 18. f4 Rfe8 19. Rf2 Be4 20. Bb5 Re7 21. Kh2
Bf5 22. Bf1 Ree8 23. g3 Qe7 24. Re2 Qd7 25. Rxe8+ Rxe8 26. Re1 a6 27. Rxe8+
Qxe8 28. Qe2 Qxe2+ 29. Bxe2 Kf8 30. Bd1 Ke7 31. Kg2 Bd3 32. Ba4 Bc4 33. a3 Bb5
34. Bb3 Bc4 35. Ba4 f6 36. Kf3 Bc7 37. g4 Bd3 38. Ke3 Bb5 39. Bb3 Ke6 40. Bc2
f5 41. g5 Bd8 42. h4 Bc7 43. Bb3 a5 44. Bc2 Bd8 45. Bb3 Be7 46. Kd2 Bf8 47. Ke3
h6 48. Kd2 h5 49. Ke3 a4 50. Bd1 Kd7 51. Bf3 Kc6 52. Bd1 Be7 53. c4 dxc4 54.
Bf3+ Kc7 55. Be5+ Kd7 56. Kd4 Bc6 57. Be2 c3 58. Bd1 Bb5 59. Bc2 Kc6 60. Bd1
Bxc5+ 61. Kxc3 Bxa3 62. Bxh5 gxh5 63. g6 Bf8 64. g7 Bxg7 65. Bxg7 Kd5 66. Bf6
Bc6 67. Kb4 Ke4 68. Bg5 Kd3 69. Ka3 Kc4 70. Be7 b5 71. Bb4 Kd3 72. Be7 Bd5 73.
Kb4 Kc2 74. Ka3 Bc4 75. Bd6 Be2 76. Be7 Kc3 77. Bf6+ Kc4 78. Be7 Kd5 79. Kb4
Ke4 80. Bg5 Kd3 81. Be7 Kd4 82. Bf6+ Kd5 83. Be7 Ke6 84. Bg5 Bf1 85. Ka3 Kd5
86. Be7 Kc4 87. Bd6 Kc3 88. Be5+ Kc2 89. Bd6 Kd1 90. Be7 Kc1 91. Bd6 Kd2 92.
Be7 Kd3 93. Kb4 Ke4 94. Bg5 Bc4 1/2-1/2

[Event "10th IPCA World Champ"]
[Site "Bialystok"]
[Date "2010.06.26"]
[Round "1.4"]
[White "Vodyasov, Evgeny"]
[Black "Tocklin, Tomi"]
[Result "1-0"]
[WhiteElo "2211"]
[BlackElo "1885"]
[PlyCount "37"]
[EventDate "2010.??.??"]

1. e4 c6 2. Nc3 d5 3. Nf3 dxe4 4. Nxe4 Nf6 5. Nxf6+ gxf6 6. g3 Bf5 7. Bg2 e6 8.
O-O Nd7 9. d4 Bd6 10. Nh4 Bg6 11. f4 Qc7 12. f5 Bxg3 13. hxg3 Qxg3 14. Qe1 Qxe1
15. Rxe1 Bh5 16. fxe6 fxe6 17. Rxe6+ Kf7 18. Re1 Rhg8 19. Kf2 1-0

[Event "10th IPCA World Champ"]
[Site "Bialystok"]
[Date "2010.06.26"]
[Round "1.5"]
[White "Kaydanovich, Marina"]
[Black "Matijasevic, Ilija"]
[Result "0-1"]
[WhiteElo "1852"]
[BlackElo "2101"]
[PlyCount "90"]
[EventDate "2010.??.??"]

1. e4 e5 2. Nf3 Nc6 3. d4 exd4 4. Nxd4 Bc5 5. Nxc6 Qf6 6. Qf3 Qxf3 7. gxf3 dxc6
8. Be3 Bxe3 9. fxe3 Be6 10. Rg1 Ne7 11. Nd2 g6 12. O-O-O O-O-O 13. Nc4 Rxd1+
14. Kxd1 f5 15. Nd2 fxe4 16. fxe4 Rf8 17. a3 c5 18. Ke1 Nc6 19. Rg5 b6 20. Bb5
Kd7 21. Nc4 Bxc4 22. Bxc4 Rf3 23. Ke2 Rh3 24. Bb5 Rxh2+ 25. Kd3 c4+ 26. Kc3 Re2
27. Rd5+ Ke6 28. Bxc6 Rxe3+ 29. Kd2 Rxe4 30. Rd6+ cxd6 31. Bxe4 d5 32. Bh1 d4
33. Ke2 Ke5 34. Bg2 g5 35. Bf3 Kf4 36. Bd5 c3 37. b3 h5 38. Bf7 h4 39. Bg6 Kg3
40. Kf1 g4 41. Kg1 Kf3 42. Bd3 h3 43. Bf1 h2+ 44. Kxh2 Kf2 45. Bg2 d3 0-1

[Event "10th IPCA World Champ"]
[Site "Bialystok"]
[Date "2010.06.26"]
[Round "1.6"]
[White "Zavarsky, Juraj"]
[Black "Kurochkina, Elena"]
[Result "1-0"]
[WhiteElo "2058"]
[BlackElo "1827"]
[PlyCount "48"]
[EventDate "2010.??.??"]

1. e4 e6 2. d4 d5 3. Nc3 dxe4 4. Nxe4 Nd7 5. Nf3 Ngf6 6. Nxf6+ Nxf6 7. Ne5 Be7
8. Bd3 O-O 9. c3 c5 10. dxc5 Bxc5 11. Bg5 h6 12. Bh4 Be7 13. Qe2 Qc7 14. O-O b6
15. f4 Bb7 16. Rae1 Rad8 17. Bb1 Bc5+ 18. Kh1 Qe7 19. Ng4 Rd7 20. Bxf6 gxf6 21.
Nxh6+ Kh8 22. Qh5 Bxg2+ 23. Kxg2 Rd2+ 24. Kh1 Qb7+ 1-0

[Event "10th IPCA World Champ"]
[Site "Bialystok"]
[Date "2010.06.27"]
[Round "2.1"]
[White "Obodchuk, Andrei"]
[Black "Zavarsky, Juraj"]
[Result "1/2-1/2"]
[WhiteElo "2388"]
[BlackElo "2058"]
[PlyCount "57"]
[EventDate "2010.??.??"]

1. d4 d5 2. c4 e6 3. Nf3 c5 4. cxd5 exd5 5. g3 Nc6 6. Bg2 Nf6 7. O-O Be7 8. Nc3
O-O 9. Bg5 cxd4 10. Nxd4 h6 11. Be3 Ne5 12. Qb3 Nc4 13. Bf4 Na5 14. Qc2 Nc6 15.
Rad1 Nxd4 16. Rxd4 Be6 17. Nxd5 Bxd5 18. Bxd5 Nxd5 19. Qb3 Nxf4 20. Rxd8 Nxe2+
21. Kg2 Bxd8 22. Qe3 Nxg3 23. hxg3 Bf6 24. Qf3 Bxb2 25. Rb1 Bd4 26. Rxb7 Rac8
27. Qe4 Bb6 28. a4 Rcd8 29. a5 1/2-1/2

[Event "10th IPCA World Champ"]
[Site "Bialystok"]
[Date "2010.06.27"]
[Round "2.2"]
[White "Glazar, Domagoj"]
[Black "Yarmonov, Igor"]
[Result "0-1"]
[WhiteElo "2050"]
[BlackElo "2340"]
[PlyCount "147"]
[EventDate "2010.??.??"]

1. d4 g6 2. Nf3 Bg7 3. g3 d6 4. Bg2 Nf6 5. O-O O-O 6. c4 Nbd7 7. Nc3 e5 8. e4
Re8 9. Re1 a6 10. h3 Rb8 11. Be3 b5 12. dxe5 dxe5 13. cxb5 axb5 14. b4 Qe7 15.
a3 c6 16. Nd2 Nb6 17. Bc5 Qc7 18. Qc2 Be6 19. a4 Nxa4 20. Nxa4 bxa4 21. Rxa4
Nd7 22. Ra7 Rb7 23. Rea1 Nxc5 24. Qxc5 Bf8 25. Rxb7 Qxb7 26. Qc2 Bxb4 27. Rb1
Qe7 28. Nf3 Qd6 29. Nxe5 Qxe5 30. Rxb4 c5 31. Rb5 Rc8 32. Bf1 Qd4 33. Rb1 c4
34. Qe2 Qe5 35. f4 Qc5+ 36. Qf2 c3 37. Qxc5 Rxc5 38. Kf2 c2 39. Rc1 Rc3 40. g4
f6 41. Ke2 Bb3 42. h4 Kf7 43. g5 fxg5 44. hxg5 Ke6 45. Bg2 Kd6 46. Kd2 Rg3 47.
e5+ Kc5 48. Be4 Kd4 49. Re1 Rc3 50. Kc1 Re3 51. Rxe3 Kxe3 52. Bxc2 Be6 53. Kd1
Kxf4 54. Ke2 Kxg5 55. Kf3 h5 56. Kg3 h4+ 57. Kf3 Bd5+ 58. Kf2 Kh6 59. Kg1 g5
60. Bf5 Kg7 61. Kf2 Kf7 62. Ke3 Ke7 63. Kf2 Be6 64. Be4 Kd7 65. Ke3 Kc7 66. Kd4
Bd7 67. Bd5 Bf5 68. Bh1 Bc8 69. Bd5 h3 70. e6 Kd6 71. e7 Kxe7 72. Ke5 Kd7 73.
Bh1 Kc7 74. Kf6 0-1

[Event "10th IPCA World Champ"]
[Site "Bialystok"]
[Date "2010.06.27"]
[Round "2.4"]
[White "Matijasevic, Ilija"]
[Black "Anfinogenov, Artem"]
[Result "1/2-1/2"]
[WhiteElo "2101"]
[BlackElo "2028"]
[PlyCount "60"]
[EventDate "2010.??.??"]

1. e4 c6 2. d4 d5 3. Nc3 dxe4 4. Nxe4 Bf5 5. Ng3 Bg6 6. h4 h6 7. Nf3 Nd7 8. Bd3
Bxd3 9. Qxd3 Ngf6 10. Bd2 e6 11. O-O-O Qc7 12. Qe2 O-O-O 13. h5 Bd6 14. Rh4
Rhe8 15. Be3 Nd5 16. Ne4 Be7 17. Rhh1 f5 18. Nc5 Bxc5 19. dxc5 Qa5 20. Kb1 Nxc5
21. Bxc5 Qxc5 22. Qe5 Qe7 23. Rhe1 Nc7 24. Rd3 Rxd3 25. cxd3 Qd7 26. d4 Qf7 27.
Qc5 Kb8 28. Qe5 Qe7 29. Qa5 Qd6 30. Rc1 Nb5 1/2-1/2

[Event "10th IPCA World Champ"]
[Site "Bialystok"]
[Date "2010.06.27"]
[Round "2.5"]
[White "Mikheev, Stanislav"]
[Black "Marievsky, Maxim"]
[Result "1/2-1/2"]
[WhiteElo "2310"]
[BlackElo "2024"]
[PlyCount "56"]
[EventDate "2010.??.??"]

1. d4 Nf6 2. c4 g6 3. Nc3 d5 4. cxd5 Nxd5 5. e4 Nxc3 6. bxc3 c5 7. Bc4 Bg7 8.
Ne2 O-O 9. Be3 Qa5 10. O-O Nd7 11. Qc1 Nb6 12. Bb3 c4 13. Bc2 Re8 14. Bh6 Bh8
15. Qe3 Bd7 16. f4 e6 17. g4 f5 18. h3 Bg7 19. Bxg7 Kxg7 20. Ng3 Rac8 21. Kh2
Qa3 22. Rf2 Ba4 23. Kg1 Bxc2 24. Rxc2 Qf8 25. Rg2 fxe4 26. Qxe4 Nd5 27. f5 Qd6
28. Kh1 Nxc3 1/2-1/2

[Event "10th IPCA World Champ"]
[Site "Bialystok"]
[Date "2010.06.27"]
[Round "2.6"]
[White "Relidzynski, Tadeusz"]
[Black "Szneider, Kazimierz"]
[Result "1-0"]
[WhiteElo "1941"]
[BlackElo "1898"]
[PlyCount "33"]
[EventDate "2010.??.??"]

1. e4 e6 2. d4 d5 3. Bd3 Nf6 4. e5 Nfd7 5. c3 c5 6. Nf3 Nc6 7. O-O Be7 8. a3
cxd4 9. cxd4 Qb6 10. Bc2 h6 11. Nc3 Qc7 12. Bf4 Nb6 13. Rc1 a6 14. Bb1 Bd7 15.
b4 Nc4 16. Qb3 g5 17. Be3 1-0

[Event "10th IPCA World Champ"]
[Site "Bialystok"]
[Date "2010.06.27"]
[Round "2.7"]
[White "Kurochkina, Elena"]
[Black "Melnik, Galina"]
[Result "1/2-1/2"]
[WhiteElo "1827"]
[BlackElo "2001"]
[PlyCount "60"]
[EventDate "2010.??.??"]

1. d4 d5 2. c4 c6 3. Nc3 Nf6 4. Nf3 e6 5. e3 Nbd7 6. Qc2 a6 7. Bd3 dxc4 8. Bxc4
b5 9. Bd3 c5 10. O-O Bb7 11. Qe2 Be7 12. b3 O-O 13. Bb2 cxd4 14. Nxd4 Nc5 15.
Bc2 b4 16. Nb1 Rc8 17. Nd2 Nce4 18. Nc4 Bd5 19. Bd3 Nc5 20. Rfd1 Nxd3 21. Qxd3
Bxc4 22. bxc4 Qc7 23. Rac1 Rfd8 24. Qe2 Qa5 25. Ba1 Qg5 26. Qf3 Qc5 27. Nb3 Qc7
28. c5 a5 29. c6 e5 30. Bb2 h6 1/2-1/2

[Event "10th IPCA World Champ"]
[Site "Bialystok"]
[Date "2010.06.27"]
[Round "3.1"]
[White "Yarmonov, Igor"]
[Black "Vodyasov, Evgeny"]
[Result "1-0"]
[WhiteElo "2340"]
[BlackElo "2211"]
[PlyCount "101"]
[EventDate "2010.??.??"]

1. d4 Nf6 2. c4 g6 3. Nc3 Bg7 4. e4 d6 5. Be2 O-O 6. Bg5 Na6 7. Nf3 c5 8. d5 h6
9. Bf4 Nh5 10. Be3 e5 11. dxe6 Bxe6 12. O-O Qb6 13. Qd2 Kh7 14. b3 Nf6 15. Rad1
Ng4 16. Nb5 Nxe3 17. Qxe3 Rad8 18. Rd2 Nc7 19. Rfd1 Nxb5 20. cxb5 Bg4 21. Ne1
Bd4 22. Qd3 Bxe2 23. Qxe2 Rfe8 24. Nc2 d5 25. Nxd4 cxd4 26. Qf3 Kg8 27. exd5
Re5 28. Qf4 Rexd5 29. Qxh6 Qxb5 30. Rd3 Qe8 31. Rh3 Qe5 32. Kf1 Qg7 33. Qxg7+
Kxg7 34. Rhd3 Kf6 35. Rf3+ Rf5 36. Rxf5+ Kxf5 37. Ke2 Ke4 38. Rc1 Rd7 39. Rc8
a6 40. Re8+ Kd5 41. Kd3 f5 42. f4 Rd6 43. h3 b5 44. Re5+ Kc6 45. g4 fxg4 46.
hxg4 Kb6 47. Re4 Kc5 48. a3 a5 49. f5 Rd8 50. b4+ axb4 51. axb4+ 1-0

[Event "10th IPCA World Champ"]
[Site "Bialystok"]
[Date "2010.06.27"]
[Round "3.2"]
[White "Anfinogenov, Artem"]
[Black "Obodchuk, Andrei"]
[Result "0-1"]
[WhiteElo "2028"]
[BlackElo "2388"]
[PlyCount "82"]
[EventDate "2010.??.??"]

1. e4 c5 2. Nf3 d6 3. d4 cxd4 4. Nxd4 Nf6 5. Nc3 a6 6. Be2 e6 7. O-O Be7 8. Be3
Qc7 9. Kh1 b5 10. f3 Bb7 11. Qe1 Nbd7 12. Rd1 b4 13. Nb1 d5 14. exd5 Nxd5 15.
Bg1 O-O 16. Bd3 Nc5 17. Nd2 Nxd3 18. cxd3 Rac8 19. Nc4 Nf4 20. b3 Rfd8 21. Be3
Nd5 22. Bf2 Bf6 23. Ne2 Qe7 24. Ng3 Bc3 25. Qe2 g6 26. Ne4 Bg7 27. d4 Bc6 28.
Qc2 Bb5 29. Nc5 Nc3 30. Rd3 Nd5 31. Re1 Bh6 32. Rdd1 Bf4 33. Nd3 Bb8 34. Nc5
Qg5 35. Ne4 Qh6 36. Bg3 Bxg3 37. Nxg3 Nb6 38. Ne4 Nxc4 39. bxc4 Rxc4 40. Qb2
Qg7 41. Qd2 Rcxd4 0-1

[Event "10th IPCA World Champ"]
[Site "Bialystok"]
[Date "2010.06.27"]
[Round "3.3"]
[White "Zavarsky, Juraj"]
[Black "Matijasevic, Ilija"]
[Result "1/2-1/2"]
[WhiteElo "2058"]
[BlackElo "2101"]
[PlyCount "45"]
[EventDate "2010.??.??"]

1. e4 e5 2. Nf3 Nc6 3. Bc4 Bc5 4. c3 Nf6 5. d4 exd4 6. O-O Nxe4 7. cxd4 Be7 8.
d5 Na5 9. Bd3 Nc5 10. Bc2 Na6 11. Nc3 O-O 12. a3 c5 13. Re1 d6 14. h3 f5 15.
Ne2 Nc7 16. b4 Bf6 17. Rb1 cxb4 18. Rxb4 b5 19. Ned4 g6 20. Bh6 Re8 21. Rxe8+
Qxe8 22. Qd2 Nc4 23. Qd3 1/2-1/2

[Event "10th IPCA World Champ"]
[Site "Bialystok"]
[Date "2010.06.27"]
[Round "3.4"]
[White "Tocklin, Tomi"]
[Black "Mikheev, Stanislav"]
[Result "1/2-1/2"]
[WhiteElo "1885"]
[BlackElo "2310"]
[PlyCount "74"]
[EventDate "2010.??.??"]

1. e4 c5 2. Nf3 Nc6 3. Bb5 Na5 4. c3 a6 5. Ba4 b5 6. Bc2 Bb7 7. O-O Nf6 8. Re1
e6 9. d4 d5 10. e5 Ne4 11. Nbd2 Nxd2 12. Bxd2 Qb6 13. Be3 Rc8 14. dxc5 Bxc5 15.
Bxc5 Qxc5 16. Bd3 Nc4 17. Qe2 Nb6 18. Nd4 O-O 19. a3 Rce8 20. Qh5 g6 21. Qh6
Qe7 22. Re3 Nc4 23. Rh3 f5 24. Bxc4 dxc4 25. f4 Rf7 26. Rg3 Qc5 27. h4 Qf8 28.
Qg5 Rg7 29. Kf2 Bd5 30. Rh1 Ree7 31. Qh6 Rgf7 32. Qxf8+ Kxf8 33. h5 gxh5 34.
Rxh5 Rb7 35. Rhg5 Rg7 36. Rxg7 Rxg7 37. Rxg7 Kxg7 1/2-1/2

[Event "10th IPCA World Champ"]
[Site "Bialystok"]
[Date "2010.06.27"]
[Round "3.5"]
[White "Kaydanovich, Marina"]
[Black "Glazar, Domagoj"]
[Result "0-1"]
[WhiteElo "1852"]
[BlackElo "2050"]
[PlyCount "88"]
[EventDate "2010.??.??"]

1. e4 e5 2. Nf3 d6 3. d4 exd4 4. Nxd4 Nd7 5. Nc3 Ngf6 6. Be3 Nc5 7. f3 Ne6 8.
Nf5 g6 9. Nd4 Bg7 10. Qd2 d5 11. e5 Nd7 12. f4 c5 13. Nxe6 fxe6 14. Nb5 O-O 15.
O-O-O d4 16. Bc4 Nb6 17. Be2 Nd5 18. Bf2 Nxf4 19. Bf3 Qb6 20. Nd6 Bxe5 21. Nc4
Qc7 22. Nxe5 Qxe5 23. Bg3 Qc7 24. h4 e5 25. Rde1 Bd7 26. h5 g5 27. Bxf4 gxf4
28. Qe2 Rae8 29. Bd5+ Kh8 30. h6 Bc6 31. Be4 Bxe4 32. Qxe4 Qc6 33. Qe2 e4 34.
Qg4 Re7 35. Qg5 Rff7 36. Rh5 b6 37. Qg4 Qe6 38. Qe2 Qxa2 39. Qb5 Qe6 40. Reh1
f3 41. gxf3 exf3 42. b3 f2 43. Kb2 Qf6 44. Rd5 Re1 0-1

[Event "10th IPCA World Champ"]
[Site "Bialystok"]
[Date "2010.06.27"]
[Round "3.7"]
[White "Marievsky, Maxim"]
[Black "Kurochkina, Elena"]
[Result "1-0"]
[WhiteElo "2024"]
[BlackElo "1827"]
[PlyCount "95"]
[EventDate "2010.??.??"]

1. f4 d5 2. Nf3 Nf6 3. g3 e6 4. Bg2 c5 5. O-O Nc6 6. d3 Be7 7. h3 O-O 8. Be3 b6
9. Nbd2 Bb7 10. Bf2 Qc7 11. c4 Rad8 12. Qc1 e5 13. cxd5 Nxd5 14. f5 Bd6 15. a3
Nd4 16. Nxd4 exd4 17. Ne4 Be5 18. b4 Ne3 19. Re1 Nxf5 20. g4 Bxe4 21. Bxe4 Bf4
22. Bxf5 Bxc1 23. Raxc1 Qe5 24. Be4 cxb4 25. axb4 Qb5 26. Rc4 Qe5 27. Rec1 g6
28. Kg2 f5 29. Bg3 f4 30. Bf2 Rf7 31. Bf3 Rdd7 32. Rc8+ Kg7 33. R8c4 h5 34.
R1c2 Kh6 35. Bg1 Rfe7 36. Bf2 Rd6 37. Bh4 Re8 38. Rc7 a5 39. g5+ Qxg5+ 40.
Bxg5+ Kxg5 41. bxa5 bxa5 42. R2c5+ Kf6 43. Rxa5 Rb6 44. h4 Re3 45. Rd5 Rb4 46.
Rd6+ Kf5 47. Rd5+ Re5 48. Be4+ 1-0

[Event "10th IPCA World Champ"]
[Site "Bialystok"]
[Date "2010.06.27"]
[Round "3.8"]
[White "Melnik, Galina"]
[Black "Szneider, Kazimierz"]
[Result "1-0"]
[WhiteElo "2001"]
[BlackElo "1898"]
[PlyCount "43"]
[EventDate "2010.??.??"]

1. d4 d6 2. Nf3 c6 3. c4 Nd7 4. e4 e5 5. Nc3 Ngf6 6. Be2 Be7 7. O-O O-O 8. Qc2
Re8 9. h3 Bf8 10. Rd1 Qc7 11. Be3 a6 12. dxe5 dxe5 13. a3 Nc5 14. b4 Ne6 15. g3
Be7 16. c5 Nf8 17. Kh2 Be6 18. Na4 Rad8 19. Nb6 N6d7 20. Nc4 Bxc4 21. Bxc4 Bf6
22. Rd2 1-0

[Event "10th IPCA World Champ"]
[Site "Bialystok"]
[Date "2010.06.28"]
[Round "4.1"]
[White "Obodchuk, Andrei"]
[Black "Yarmonov, Igor"]
[Result "1-0"]
[WhiteElo "2388"]
[BlackElo "2340"]
[PlyCount "123"]
[EventDate "2010.??.??"]

1. c4 e6 2. Nf3 d5 3. d4 Nf6 4. g3 Be7 5. Bg2 O-O 6. O-O Nbd7 7. Qc2 c6 8. Rd1
Qe8 9. Nbd2 b6 10. e4 dxe4 11. Ng5 Bb7 12. Ndxe4 h6 13. Nxf6+ Nxf6 14. Ne4 Qc8
15. c5 Rd8 16. Bf4 Nxe4 17. Bxe4 Rd7 18. Rd2 bxc5 19. dxc5 Rxd2 20. Bxd2 Ba6
21. Bf4 Qb7 22. Rd1 Rd8 23. Bd6 Kf8 24. h4 Ke8 25. Bxe7 Kxe7 26. Rxd8 Kxd8 27.
Qd2+ Ke8 28. Qd6 Bb5 29. b3 Qd7 30. a4 Qxd6 31. cxd6 Kd7 32. axb5 cxb5 33. b4
Kxd6 34. f4 Kc7 35. Kf2 Kb6 36. Ke3 a5 37. bxa5+ Kxa5 38. Kd4 b4 39. Kc4 Ka4
40. g4 b3 41. Kc3 Ka3 42. Bb1 Ka4 43. g5 Ka3 44. Bd3 f6 45. g6 Ka4 46. Bc4 b2
47. Kxb2 Kb4 48. Bxe6 Kc5 49. Kc3 Kd6 50. Bf7 Kc5 51. Bc4 Kd6 52. Kd4 Kc6 53.
Bf7 Kd6 54. Bd5 Kc7 55. Kc5 Kd7 56. f5 Ke7 57. Kc6 Kd8 58. Kd6 Ke8 59. Be6 Kf8
60. Bf7 h5 61. Kc5 Ke7 62. Bd5 1-0

[Event "10th IPCA World Champ"]
[Site "Bialystok"]
[Date "2010.06.28"]
[Round "4.2"]
[White "Vodyasov, Evgeny"]
[Black "Zavarsky, Juraj"]
[Result "1/2-1/2"]
[WhiteElo "2211"]
[BlackElo "2058"]
[PlyCount "56"]
[EventDate "2010.??.??"]

1. e4 c5 2. Nf3 Nc6 3. g3 g6 4. Bg2 Bg7 5. O-O d6 6. d3 Nf6 7. c3 O-O 8. h3 c4
9. Re1 cxd3 10. Qxd3 Nd7 11. Nbd2 Qc7 12. Nc4 Nc5 13. Qe2 Ne5 14. Nfxe5 dxe5
15. Ne3 Be6 16. Nd5 Bxd5 17. exd5 f5 18. Be3 Rad8 19. Qc4 Na6 20. Qxc7 Nxc7 21.
Bxa7 Nxd5 22. Bc5 b6 23. Bxd5+ Rxd5 24. Bxe7 Ra8 25. Red1 Rxa2 26. Rxd5 Rxa1+
27. Kg2 e4 28. Rb5 Rb1 1/2-1/2

[Event "10th IPCA World Champ"]
[Site "Bialystok"]
[Date "2010.06.28"]
[Round "4.3"]
[White "Matijasevic, Ilija"]
[Black "Relidzynski, Tadeusz"]
[Result "1-0"]
[WhiteElo "2101"]
[BlackElo "1941"]
[PlyCount "51"]
[EventDate "2010.??.??"]

1. e4 c5 2. Nf3 d6 3. d4 cxd4 4. Nxd4 Nf6 5. Nc3 a6 6. Bc4 e6 7. Bb3 Be7 8. Be3
Qc7 9. O-O Nc6 10. f4 Na5 11. Qe2 Nxb3 12. cxb3 b5 13. Rac1 Qb7 14. e5 dxe5 15.
fxe5 Nd7 16. Qg4 g6 17. Qf4 Rf8 18. Ne4 Qd5 19. Nc6 Bb7 20. Rfd1 Bxc6 21. Rxd5
Bxd5 22. Nf6+ Bxf6 23. exf6 e5 24. Qb4 Nxf6 25. Qd6 Be6 26. Bc5 1-0

[Event "10th IPCA World Champ"]
[Site "Bialystok"]
[Date "2010.06.28"]
[Round "4.4"]
[White "Glazar, Domagoj"]
[Black "Anfinogenov, Artem"]
[Result "0-1"]
[WhiteElo "2050"]
[BlackElo "2028"]
[PlyCount "84"]
[EventDate "2010.??.??"]

1. d4 d5 2. c4 c6 3. Nc3 Nf6 4. Nf3 dxc4 5. g3 b5 6. Bg2 Bb7 7. O-O e6 8. Bg5
Be7 9. a4 a6 10. Ne5 Nd5 11. Bxe7 Qxe7 12. Ne4 f6 13. Nf3 Nd7 14. Ned2 O-O 15.
e4 Nb4 16. e5 f5 17. Ne1 Nb6 18. a5 N6d5 19. Rc1 Rac8 20. b3 Na2 21. Ra1 Nac3
22. Qf3 Qg5 23. Nb1 Ne4 24. bxc4 bxc4 25. Qd1 c5 26. Bxe4 fxe4 27. dxc5 Qxe5
28. Nd2 Rxc5 29. Nc2 Nc3 30. Qe1 Qh5 31. Ne3 Qh3 32. f3 exf3 33. Nxf3 Bxf3 34.
Qxc3 Rg5 35. Ra2 Rxg3+ 36. hxg3 Qh1+ 37. Kf2 Qh2+ 38. Ng2 Bxg2+ 39. Ke3 Qxg3+
40. Kd2 Rd8+ 41. Kc2 Qxc3+ 42. Kxc3 Bxf1 0-1

[Event "10th IPCA World Champ"]
[Site "Bialystok"]
[Date "2010.06.28"]
[Round "4.5"]
[White "Mikheev, Stanislav"]
[Black "Melnik, Galina"]
[Result "1-0"]
[WhiteElo "2310"]
[BlackElo "2001"]
[PlyCount "49"]
[EventDate "2010.??.??"]

1. d4 d5 2. c4 c6 3. Nf3 Nf6 4. e3 e6 5. Nc3 Nbd7 6. Qc2 a6 7. b3 Bd6 8. Be2
O-O 9. O-O b5 10. e4 Bb4 11. e5 Bxc3 12. Qxc3 Ne4 13. Qc2 f5 14. a4 b4 15. a5
Ra7 16. Ne1 Nb8 17. Nd3 dxc4 18. Qxc4 c5 19. Nxc5 Nxc5 20. dxc5 Nc6 21. Rd1 Qc7
22. f4 Ra8 23. Bf3 Rb8 24. Bxc6 Qxc6 25. Rd6 1-0

[Event "10th IPCA World Champ"]
[Site "Bialystok"]
[Date "2010.06.28"]
[Round "4.6"]
[White "Marievsky, Maxim"]
[Black "Tocklin, Tomi"]
[Result "1-0"]
[WhiteElo "2024"]
[BlackElo "1885"]
[PlyCount "115"]
[EventDate "2010.??.??"]

1. e4 c6 2. Nc3 d5 3. Nf3 dxe4 4. Nxe4 Nd7 5. d4 Ngf6 6. Ng3 e6 7. Bg5 Qc7 8.
c3 b6 9. Qd2 Bb7 10. O-O-O Bd6 11. Kb1 O-O-O 12. Bc4 h6 13. Bxf6 Nxf6 14. Qe2
Kb8 15. Ne5 c5 16. f3 h5 17. Rhe1 h4 18. Nh1 Nd5 19. Bxd5 Bxd5 20. dxc5 Bxc5
21. Nf2 Bd6 22. c4 Bb7 23. h3 Bxe5 24. Qxe5 Rxd1+ 25. Nxd1 Qxe5 26. Rxe5 Kc7
27. Kc2 Kd6 28. Re3 Rc8 29. b3 b5 30. Rd3+ Ke7 31. Rd4 g5 32. Ne3 bxc4 33. bxc4
Rc5 34. Kc3 Ra5 35. Kb3 Ra6 36. c5 Ra5 37. Ra4 Rxa4 38. Kxa4 f5 39. Kb5 Kd7 40.
Nc4 Bd5 41. Ne5+ Kc7 42. a3 Bb7 43. a4 a6+ 44. Kb4 Bd5 45. Kc3 a5 46. Kd4 Bb3
47. Nc4 Bxc4 48. Kxc4 Kc6 49. Kd4 e5+ 50. Kxe5 Kxc5 51. Kxf5 Kb4 52. Kxg5 Kxa4
53. f4 Kb3 54. f5 a4 55. f6 a3 56. f7 a2 57. f8=Q a1=Q 58. Kxh4 1-0

[Event "10th IPCA World Champ"]
[Site "Bialystok"]
[Date "2010.06.29"]
[Round "5.1"]
[White "Matijasevic, Ilija"]
[Black "Obodchuk, Andrei"]
[Result "0-1"]
[WhiteElo "2101"]
[BlackElo "2388"]
[PlyCount "88"]
[EventDate "2010.??.??"]

1. e4 c5 2. Nf3 d6 3. d4 cxd4 4. Nxd4 Nf6 5. Nc3 a6 6. Bc4 e6 7. Bb3 b5 8. f4
Bb7 9. Be3 b4 10. Na4 Nbd7 11. O-O Bxe4 12. f5 e5 13. Nf3 Bc6 14. c3 d5 15.
cxb4 Bxb4 16. Bg5 Bd6 17. Rc1 Bb7 18. Re1 O-O 19. Bxf6 Nxf6 20. Nxe5 Re8 21.
Nc6 Bxh2+ 22. Kxh2 Qd6+ 23. Kg1 Bxc6 24. Qd4 Qg3 25. Qf2 Rxe1+ 26. Rxe1 Qxf2+
27. Kxf2 Ne4+ 28. Ke3 Nd6 29. Kd4 Nxf5+ 30. Kc5 Bxa4 31. Bxa4 d4 32. g4 Ne3 33.
Bc6 Rd8 34. b4 Nxg4 35. Re8+ Rxe8 36. Bxe8 d3 37. Ba4 Ne3 38. Kb6 Nc2 39. a3
Nxa3 40. Kxa6 Nc4 41. Bb3 d2 42. Kb5 Ne3 43. Kc6 Nc4 44. Kc5 Na3 0-1

[Event "10th IPCA World Champ"]
[Site "Bialystok"]
[Date "2010.06.29"]
[Round "5.2"]
[White "Yarmonov, Igor"]
[Black "Mikheev, Stanislav"]
[Result "0-1"]
[WhiteElo "2340"]
[BlackElo "2310"]
[PlyCount "72"]
[EventDate "2010.??.??"]

1. d4 Nf6 2. c4 g6 3. Nc3 d5 4. Nf3 Bg7 5. Qb3 dxc4 6. Qxc4 O-O 7. e4 a6 8. a4
b5 9. Qb3 c5 10. dxc5 Be6 11. Qa3 b4 12. Qxb4 Nc6 13. Qb6 Qc8 14. Bf4 Nd7 15.
Qc7 Qxc7 16. Bxc7 Nxc5 17. Be2 Rfc8 18. Bb6 Bxc3+ 19. bxc3 Nxe4 20. Ra3 Nd6 21.
Nd2 Ne5 22. a5 Nec4 23. Nxc4 Nxc4 24. Ra4 Rab8 25. Rb4 Nxb6 26. axb6 a5 27. Rb1
a4 28. Kd2 Bb3 29. Bd1 Rxb6 30. Bxb3 axb3 31. Rhc1 Rd8+ 32. Ke2 Re6+ 33. Kf1
Rd2 34. Rxb3 Ree2 35. c4 Rxf2+ 36. Ke1 Rxg2 0-1

[Event "10th IPCA World Champ"]
[Site "Bialystok"]
[Date "2010.06.29"]
[Round "5.3"]
[White "Anfinogenov, Artem"]
[Black "Vodyasov, Evgeny"]
[Result "1/2-1/2"]
[WhiteElo "2028"]
[BlackElo "2211"]
[PlyCount "34"]
[EventDate "2010.??.??"]

1. Nf3 d5 2. g3 c6 3. Bg2 Bg4 4. O-O Nd7 5. d3 Ngf6 6. Nbd2 e5 7. e4 dxe4 8.
dxe4 Bc5 9. Qe2 O-O 10. Rd1 Qc7 11. Nc4 Rfd8 12. c3 h6 13. b4 Be7 14. Qc2 Be6
15. Ne3 Nb6 16. Bb2 Nc4 17. Nxc4 Bxc4 1/2-1/2